Zmeny v platení poistného SZČO od 1. 1. 2004

Práva a povinnosti samostatne zárobkovo činných osôb z titulu ich sociálneho postavenia v súlade s novým zákonom o sociálnom poistení č. 461/2003 Z.z. Tabuľka vybraných mesačných preddavkov na daň z príjmov zo závislej činnosti.

Enregistré dans:
Détails bibliographiques
Auteur principal: Kontšeková, Zuzana
Format: Chapitre de livre
Langue:slovaque
Sujets:
Tags: Ajouter un tag
Pas de tags, Soyez le premier à ajouter un tag!

MARC

LEADER 00000naa$a2200000$$$4500
001 0005120
005 20230919094457.6
041 0 |a slo 
044 |a SK 
245 1 0 |a Zmeny v platení poistného SZČO od 1. 1. 2004  |c aut. Zuzana Kontšeková 
520 |a Práva a povinnosti samostatne zárobkovo činných osôb z titulu ich sociálneho postavenia v súlade s novým zákonom o sociálnom poistení č. 461/2003 Z.z. Tabuľka vybraných mesačných preddavkov na daň z príjmov zo závislej činnosti. 
610 2 0 |a poistné 
610 2 0 |a poistenie sociálne 
610 2 0 |a 2004 
100 1 |a Kontšeková, Zuzana